Desk reference guide to potentially contaminative land uses. (Record no. 100077)

MARC details
000 -LEADER
fixed length control field 01184cam a2200241 4500
008 - FIXED-LENGTH DATA ELEMENTS--GENERAL INFORMATION
fixed length control field 000000n1999 000 0 eng u
020 ## - INTERNATIONAL STANDARD BOOK NUMBER
International Standard Book Number 0902913034
035 ## - SYSTEM CONTROL NUMBER
System control number (Sirsi) u102923
041 ## - LANGUAGE CODE
Language code of text/sound track or separate title eng
050 ## - LIBRARY OF CONGRESS CALL NUMBER
Classification number 333.73
100 ## - MAIN ENTRY--PERSONAL NAME
Personal name Syms, Paul
245 ## - TITLE STATEMENT
Title Desk reference guide to potentially contaminative land uses.
260 ## - PUBLICATION, DISTRIBUTION, ETC.
Place of publication, distribution, etc. London
Name of publisher, distributor, etc. ISVA
Date of publication, distribution, etc. 1999
300 ## - PHYSICAL DESCRIPTION
Extent 42p. ; 30cm
350 ## - PRICE (NR) (BK AM CF MU VM SE) [OBSOLETE]
Price 12.00
520 ## - SUMMARY, ETC.
Summary, etc. This guide has been prepared to provide surveyors, valuers, property developers, environmental health officers, lawyers and other "non-technical" professionals with a convenient, and easily understood, source of information relating to the potential causes of land contamination. Over thirty different industrial activities are profiled for their potential to cause contamination. Recommendations are also made as to when intrusive site investigations may be required.
520 ## - SUMMARY, ETC.
Summary, etc. Superseded by second edition "Previously developed land: industrial activities and contamination" (ISBN 1405106972).
650 ## - SUBJECT ADDED ENTRY--TOPICAL TERM
Topical term or geographic name entry element CONTAMINATED LAND
650 ## - SUBJECT ADDED ENTRY--TOPICAL TERM
Topical term or geographic name entry element INDUSTRIAL PROPERTY
650 ## - SUBJECT ADDED ENTRY--TOPICAL TERM
Topical term or geographic name entry element POLLUTION
690 ## - LOCAL SUBJECT ADDED ENTRY--TOPICAL TERM (OCLC, RLIN)
Topical term or geographic name as entry element ENVIRONMENTAL AND LAND CONSULTANCY
942 ## - ADDED ENTRY ELEMENTS (KOHA)
Suppress in OPAC 0
Holdings
Withdrawn status Lost status Source of classification or shelving scheme Damaged status Not for loan Home library Current library Shelving location Date acquired Total Checkouts Full call number Barcode Date last seen Date last checked out Copy number Price effective from Koha item type
    Dewey Decimal Classification     London London Basement 29/11/1999 6 SHELF 329 30060266 06/08/2019 08/08/2002 1 06/08/2019 Book